000 00582nam a2200217Ia 4500
003 OSt
005 20220923225653.0
006 a|||||r|||| 00| 0
007 ta
008 Pun
024 _a273,328
037 _cTextual
040 _aARTS
_cARTS
_bPun
041 _2Pun
_aPun
082 _aO153x, M2
245 0 _aਇੰਟਰਨੈFਨਲ ਪੰਜਾਬੀ ਸਾਹਿਤ
_b ਕਵਿਤਾ ਲੇਖ ਤੇ ਕਹਾਣਿਆਂ
260 _c1982
650 _aਪੰਜਾਬੀ ਸਾਹਿਤ
942 _hO153x, M2
_cTEXL
_2CC
999 _c379760
_d379760